000 00358nam a2200157Ia 4500
999 _c49661
_d49661
003 0100
005 20190123124052.0
008 130303s9999 xx 000 0 und d
040 _cARRUPELIB
050 _aDU510.S4 1957
100 _aSharp, Andrew
_944079
245 _aAncient Voyagers in the Pacific
260 _aMiddlesex
260 _bPenguin Books
260 _c1957
300 _a240p. ;
_c19cm.
650 _aNavigation
_xOceania
_944080
650 _aOceania
_xDiscovery and exploration
_944081
942 _2lcc
_cMONOGRAPH